Indonesien (Record no. 9305)

MARC details
000 -CABECERA
campo de control de longitud fija 00747nam a2200229 a 4500
001 - NÚMERO DE CONTROL
campo de control BRL_493
005 - FECHA Y HORA DE LA ÚLTIMA TRANSACCIÓN
campo de control 20190320210753.0
008 - DATOS DE LONGITUD FIJA--INFORMACIÓN GENERAL
campo de control de longitud fija 210813s1959----gw-abo####---#000-0#ger-#
041 ## - CÓDIGO DE LENGUA
Código de lengua del texto/banda sonora o título independiente ger
044 ## - CÓDIGO DEL PAÍS DE LA ENTIDAD EDITORA/PRODUCTORA
Código MARC del país gw
050 #4 - SIGNATURA TOPOGRÁFICA DE LA BIBLIOTECA DEL CONGRESO
Número de clasificación N5305
Número de documento/Ítem .K86 10 1959
100 1# - ENTRADA PRINCIPAL--NOMBRE DE PERSONA
Nombre de persona A. Wagner, Frits
9 (RLIN) 24095
245 10 - MENCIÓN DE TÍTULO
Título Indonesien
Resto del título Die kunst eines inselreiches
Mención de responsabilidad, etc. von Frits A. Wagner
260 ## - PUBLICACIÓN, DISTRIBUCIÓN, ETC.
Lugar de publicación, distribución, etc. Germany
Nombre del editor, distribuidor, etc. Holle-Verlag Baden-Baden
Fecha de publicación, distribución, etc. 1959
300 ## - DESCRIPCIÓN FÍSICA
Extensión 259 p.
Otras características físicas 61 il. algunas a color)
Dimensiones 23 cm.
440 #0 - MENCIÓN DE SERIE/PUNTO DE ACCESO ADICIONAL--TÍTULO
Título Kunst der Welt; ihre geschichtlichen, soziologischen und religiösen Grundlagen
Nombre de parte o sección de la obra Die aussereuropäischen Kulturen
Designación de volumen o secuencia 10
9 (RLIN) 24096
500 ## - NOTA GENERAL
Nota general Au519
500 ## - NOTA GENERAL
Nota general Bibliografía: p.247-249.
650 14 - PUNTO DE ACCESO ADICIONAL DE MATERIA--TÉRMINO DE MATERIA
Término de materia o nombre geográfico como elemento de entrada Arte
Subdivisión geográfica Indonesia
9 (RLIN) 24097
902 ## - CATALOGADOR
Iniciales GRL
942 ## - ELEMENTOS DE PUNTO DE ACCESO ADICIONAL (KOHA)
Fuente del sistema de clasificación o colocación Library of Congress Classification
Tipo de ítem Koha Libros
Holdings
Estado de retiro Estado de pérdida Estado dañado No para préstamo Localización permanente Ubicación/localización actual Fecha de adquisición Número de inventario Total de préstamos Signatura topográfica completa Código de barras Fecha visto por última vez Precio válido a partir de Tipo de ítem Koha
El ejemplar forma parte de la colección y puede ser consultado según las políticas vigentes.       Biblioteca Centro de Estudios Ruth D. Lechuga Biblioteca Centro de Estudios Ruth D. Lechuga 21/08/2013 Au519   N5305 .K86 10 1959 (Au519) GRL00542 22/03/2019 22/03/2019 Libros